000 01646nam a2200397 c 4500
999 _c55510
_d55510
003 BLK
005 20220211145614.0
008 180408b bul|||||r ||||||| ||bul||
010 _aKNG00059478000
040 _aBLK
041 _aBUL
_cBUL
072 7 _2bullib
_aЯ
_xАвтографи
080 _aСамодеен театър
_b792.077
_x(497.215)(08)
_z792.077(497.215)(08)
080 _aТелевизионно предаване
_b654.197
_x:316.77(497.215)(08)
_z654.197:316.77(497.215)(08)
100 1 _aПенков, Венелин
_eпърви автор
_9286256
139 _aПенков, Венелин
_bП 35
245 1 0 _aЗа златистия пясък в дланите
_cВенелин Пенков.
257 _aBGR
260 _bDiamond 97
_c2006
_fРусе : Авангард принт
300 _a316 с.
_bсъс сн.
_c20 см
380 _a7
500 _aСъдържа и Послания към автора / Биляна Бонева, Ирина Пенкова, Крум Гергицов, Александър Недков, Станка Николова, Енчо Еневски, Татяна Митева.
650 4 _aТеатрална самодейност - Русе
_9286257
650 4 _aТелевизия - Русе
_9286258
653 _aкултура
653 _aсамодейност
653 _aспомени
653 _aтелевизионни предавания
653 _aРусе
659 _aЯ
852 _aЦб 227551
852 _aК 792/П 35 В
856 4 _qpdf
856 4 _qpdf
942 _cKNG
_n0
_s1
944 _aCR
_c22.05.2006
_kРенета_Константинова
944 _aED
_c05.11.2012
999 _d55510